| 000 | 00509nam a2200205Ia 4500 | ||
|---|---|---|---|
| 008 | 180523s9999 xx 000 0 und d | ||
| 020 | _a0-7535-0907-5 | ||
| 050 | _aMAIN RM 216 | ||
| 050 | _b.P53 2005 c.2 | ||
| 100 | _aPlant, Jane. | ||
| 245 | 0 | _aEating for better health / | |
| 245 | 0 | _cJane Plant and Gill Tidey. | |
| 260 | _aGreat Britain : | ||
| 260 | _bVirgin Books, | ||
| 260 | _c2005 | ||
| 300 | _a298 pages : | ||
| 300 | _c21 cm. | ||
| 500 | _aIncludes index. | ||
| 650 | _aDiet therapy. | ||
| 999 |
_c357661 _d357661 |
||